An introduction to cardiovascular physiology / (Record no. 8034)

MARC details
000 -LEADER
fixed length control field 01335pam a2200325 a 4500
001 - CONTROL NUMBER
control field 2543991
003 - CONTROL NUMBER IDENTIFIER
control field OSt
005 - DATE AND TIME OF LATEST TRANSACTION
control field 20220922152731.0
008 - FIXED-LENGTH DATA ELEMENTS--GENERAL INFORMATION
fixed length control field 941202s1995 enka b 001 0 eng c
010 ## - LIBRARY OF CONGRESS CONTROL NUMBER
LC control number 94045631
020 ## - INTERNATIONAL STANDARD BOOK NUMBER
International Standard Book Number 0750621672
040 ## - CATALOGING SOURCE
Original cataloging agency DNLM/DLC
Transcribing agency DLC
Modifying agency DLC
050 00 - LIBRARY OF CONGRESS CALL NUMBER
Classification number QP101
Item number .L47 1995
060 10 - NATIONAL LIBRARY OF MEDICINE CALL NUMBER
Classification number WG 102 L664i 1995
082 00 - DEWEY DECIMAL CLASSIFICATION NUMBER
Classification number WG 102 L57a 1995
Edition number 20
100 1# - MAIN ENTRY--PERSONAL NAME
Personal name Levick, J. R.
Fuller form of name (J. Rodney)
9 (RLIN) 4837
245 13 - TITLE STATEMENT
Title An introduction to cardiovascular physiology /
Statement of responsibility, etc. J.R. Levick.
250 ## - EDITION STATEMENT
Edition statement 2nd ed.
260 ## - PUBLICATION, DISTRIBUTION, ETC. (IMPRINT)
Place of publication, distribution, etc. Oxford ;
-- Boston :
Name of publisher, distributor, etc. Butterworth-Heinemann,
Date of publication, distribution, etc. 1995.
300 ## - PHYSICAL DESCRIPTION
Extent ix, 326 p. :
Other physical details ill. (some col.) ;
Dimensions 25 cm.
504 ## - BIBLIOGRAPHY, ETC. NOTE
Bibliography, etc Includes bibliographical references and index.
650 #0 - SUBJECT ADDED ENTRY--TOPICAL TERM
Topical term or geographic name as entry element Cardiovascular system
General subdivision Physiology.
9 (RLIN) 16344
650 12 - SUBJECT ADDED ENTRY--TOPICAL TERM
Topical term or geographic name as entry element Cardiovascular System
General subdivision physiology.
9 (RLIN) 16345
856 42 - ELECTRONIC LOCATION AND ACCESS
Materials specified Publisher description
Uniform Resource Identifier http://www.loc.gov/catdir/enhancements/fy0636/94045631-d.html
856 41 - ELECTRONIC LOCATION AND ACCESS
Materials specified Table of contents only
Uniform Resource Identifier http://www.loc.gov/catdir/enhancements/fy0636/94045631-t.html
856 42 - ELECTRONIC LOCATION AND ACCESS
Materials specified Contributor biographical information
Uniform Resource Identifier http://www.loc.gov/catdir/enhancements/fy0723/94045631-b.html
906 ## - LOCAL DATA ELEMENT F, LDF (RLIN)
a 7
b cbc
c orignew
d 1
e ocip
f 19
g y-gencatlg
942 ## - ADDED ENTRY ELEMENTS (KOHA)
Source of classification or shelving scheme Other/Generic Classification Scheme
Koha item type Open Shelf
Holdings
Withdrawn status Lost status Source of classification or shelving scheme Damaged status Not for loan Home library Current library Date acquired Source of acquisition Inventory number Total Checkouts Full call number Barcode Date last seen Price effective from Koha item type
    Dewey Decimal Classification     MUST Main Library MUST Main Library 22/09/2022 Donation 97/11540   WG 102 L57a 1995 2022-8001 22/09/2022 22/09/2022 Open Shelf